Il "Requiem" di Terezín : Ľepisodio più commovente della storia moderna, quando la musica diventa arma di ribellione / Di Josef Bor ; Traduzione dalľ originale cecoslovacco ... [do ital.] di Bruno Meriggi
Record details
- Physical Description: 139, [4] s. ; 8°
- Publisher: Milano : Longanesi & C., 1965
Content descriptions
| General Note: | Název originálu: Terezínské rekviem |
Search for related items by series
Available copies
- 1 of 1 copy available at Common Catalog SPOK.
Holds
- 0 current holds with 1 total copy.
Show Only Available Copies
| Location | Call Number / Copy Notes | Barcode | Shelving Location | Status | Due Date |
|---|---|---|---|---|---|
| Terezin Initiative Institute | 2475 | 4594302475 | Knihovna ITI | Available | - |
| LDR | 01153nam a22002411 4500 | ||
|---|---|---|---|
| 001 | 26473 | ||
| 003 | CZ-PrJAB | ||
| 005 | 20221026115306.0 | ||
| 008 | 010610s1965 it gr 0 ita | ||
| 035 | . | ‡a(CONS)1284 | |
| 035 | . | ‡a(CZ PrSKC)bknhdk00039 | |
| 040 | . | ‡aABA001 ‡bcze ‡cABA001 ‡dABA001 | |
| 041 | 1 | . | ‡aita ‡hcze |
| 080 | . | ‡a885-32+92 Schächter, R.:343.819.5(437.1 Terezín)(=924)=396 | |
| 100 | 1 | . | ‡aBor, Josef, ‡d1906-1979 ‡7jk01012626 ‡4aut |
| 245 | 1 | 3. | ‡aIl "Requiem" di Terezín : ‡bĽepisodio più commovente della storia moderna, quando la musica diventa arma di ribellione / ‡cDi Josef Bor ; Traduzione dalľ originale cecoslovacco ... [do ital.] di Bruno Meriggi |
| 260 | . | ‡aMilano : ‡bLonganesi & C., ‡c1965 ‡f(A. Ronda) | |
| 300 | . | ‡a139, [4] s. ; ‡c8° | |
| 490 | 1 | . | ‡aLa Fonda ; ‡vVolume 55 |
| 500 | . | ‡aNázev originálu: Terezínské rekviem | |
| 830 | 3. | ‡aLa Fonda | |
| 852 | 4 | . | ‡bJACH-ITI ‡bJACH-ITI ‡cKnihovna ITI ‡j2475 ‡p2475 ‡y$0.00 |
| 910 | . | ‡aABE340 ‡b2475 | |
| 995 | . | ‡askok | |
| 901 | . | ‡a26473 ‡bSystem ‡c26473 ‡tbiblio | |